Melanchthons Briefwechsel: kritische und kommentierte Gesamtausgabe / Band T 25 Texte 7455-7802 (April 1555-April 1556) / bearbeitet von Matthias Dall'Asta, Heidi Hein, Regine Klar und Christine Mundhenk

Saved in:  
Bibliographic Details
Main Author: Melanchthon, Philipp 1497-1560 (Author, Addressee)
Corporate Authors: Heidelberger Akademie der Wissenschaften. Herausgebendes Organ (Issuing body) ; Verlag Friedrich Frommann, Günther Holzboog. Verlag
Contributors: Dall'Asta, Matthias 1963- (Editor) ; Hein, Heidi 1973- (Editor) ; Klar, Regine (Editor) ; Mundhenk, Christine 1964- (Editor)
Format: Print Book
Language:German
Latin
Subito Delivery Service: Order now.
Check availability: HBZ Gateway
WorldCat: WorldCat
Interlibrary Loan:Interlibrary Loan for the Fachinformationsdienste (Specialized Information Services in Germany)
Published: Stuttgart-Bad Cannstatt frommann-holzboog 2024
In: Melanchthons Briefwechsel kritische und kommentierte Gesamtausgabe
Year: 2024
Further subjects:B Correspondence 1555-1556

MARC

LEADER 00000cam a2200000 cc4500
001 1885553218
003 DE-627
005 20250225132420.0
007 tu
008 240410s2024 gw ||||| 00| ||ger c
015 |a 24,N15  |2 dnb 
016 7 |a 1325247642  |2 DE-101 
020 |a 9783772828256  |c  : Gewebe : EUR 298.00 (DE), EUR 278.00 (DE) (Sonderpreis: Preis bei Gesamtabnahme), EUR 306.40 (AT)  |9 978-3-7728-2825-6 
024 3 |a 9783772828256 
035 |a (DE-627)1885553218 
035 |a (DE-599)DNB1325247642 
035 |a (OCoLC)1450542567 
040 |a DE-627  |b ger  |c DE-627  |e rda 
041 |a ger  |a lat 
044 |c XA-DE-BW 
082 0 4 |a 230  |q DE-101 
084 |a BP 2260  |2 rvk  |0 (DE-625)rvk/14954: 
100 1 |e VerfasserIn  |e AdressatIn  |0 (DE-588)118580485  |0 (DE-627)133817814  |0 (DE-576)16458496X  |4 aut  |4 rcp  |a Melanchthon, Philipp  |d 1497-1560 
109 |a Melanchton, Philippus 1497-1560  |a Melanchthonus, Philippus 1497-1560  |a Melanchnecnon, Philippi 1497-1560  |a Melanton, Philippus 1497-1560  |a Melanthus, Philippus 1497-1560  |a Melanthone, Philippo 1497-1560  |a P.M. 1497-1560  |a Melanchthon, Philippus 1497-1560  |a Melanchto., Philipp 1497-1560  |a Melanth., Philippus 1497-1560  |a Melantone, Filippo 1497-1560  |a Schwarzert, Philipp 1497-1560  |a Melant., Philippus 1497-1560  |a M., Philippus 1497-1560  |a Melancht., Philippus 1497-1560  |a Melancton, Philip 1497-1560  |a Melankhton, Filipp 1497-1560  |a Melan., Philippus 1497-1560  |a Mel., Philippus 1497-1560  |a Melanchthon, Philip 1497-1560  |a Mel., Philip. 1497-1560  |a Melancton, Philipp 1497-1560  |a Melantho, Philippus 1497-1560  |a Mel., Phil. 1497-1560  |a Melanchthon 1497-1560  |a Melan, Philippus 1497-1560  |a Melancthon, Philipp 1497-1560  |a Melanc., Philippus 1497-1560  |a Didymus Faventinus 1497-1560  |a Melanchthon, Philippe 1497-1560  |a Schwarzerd, Philipp 1497-1560  |a Melanchthonius, Philippus 1497-1560  |a Melanton, Philipp 1497-1560  |a Melanthon, Philippe 1497-1560  |a Melantonis, Philipp 1497-1560  |a Theophilus Neocomensis 1497-1560  |a Schwarzerdt, Philipp 1497-1560  |a Schwartzerd, Philipp 1497-1560  |a Melanth, Philippus 1497-1560  |a Didymus 1497-1560  |a Melanchton, Philipp 1497-1560  |a Melanchthon, Philipp 1497-1560  |a Melanthone, Philip. 1497-1560  |a Melanthonus, Philippus 1497-1560  |a Melanchton, Philip 1497-1560  |a Melancthonus, Philippus 1497-1560  |a Melanthon, Philipp 1497-1560  |a Melanthon 1497-1560  |a Melanch., Philippus 1497-1560  |a Malanth., Philippus 1497-1560  |a Mela., Philippus 1497-1560  |a Melanchton, Phil. 1497-1560  |a Melanchus, Philippus 1497-1560  |a Melanthon, Philippus 1497-1560  |a Melanchton, Phillip 1497-1560  |a Melancthon, Philippe 1497-1560  |a Melanthone, Philipp 1497-1560  |a Melancthon, Philippus 1497-1560  |a Melantho, Philip 1497-1560  |a Melanthon, Philip 1497-1560  |a Germanus 1497-1560  |a Faventinus, Didymus 1497-1560  |a Philippus 1497-1560  |a Brettanus, Philippus 1497-1560  |a Philippus Bretanus 1497-1560  |a Pullisolus, Philippus 1497-1560  |a Malanthon, Philipp 1497-1560  |a Melanchthon, Filipp 1497-1560  |a Melancthon, Philip 1497-1560  |a Melancthon 1497-1560 
245 1 0 |a Melanchthons Briefwechsel  |b kritische und kommentierte Gesamtausgabe  |n Band T 25  |p Texte 7455-7802 (April 1555-April 1556) / bearbeitet von Matthias Dall'Asta, Heidi Hein, Regine Klar und Christine Mundhenk  |c im Auftrag der Heidelberger Akademie der Wissenschaften herausgegeben von Christine Mundhenk 
264 1 |a Stuttgart-Bad Cannstatt  |b frommann-holzboog  |c 2024 
300 |a 555 Seiten  |c 26 cm x 19 cm, 1436 g 
336 |a Text  |b txt  |2 rdacontent 
337 |a ohne Hilfsmittel zu benutzen  |b n  |2 rdamedia 
338 |a Band  |b nc  |2 rdacarrier 
500 |a Mit Registern 
546 |a Text teilweise deutsch, teilweise lateinisch 
601 |a Briefwechsel 
601 |a Gesamtausgabe 
601 |a Christin 
655 7 |a Briefsammlung  |y 1555-1556  |0 (DE-588)4146609-3  |0 (DE-627)104269936  |0 (DE-576)209750472  |2 gnd-content 
700 1 |e HerausgeberIn  |0 (DE-588)121486575  |0 (DE-627)627443850  |0 (DE-576)18190361X  |4 edt  |a Dall'Asta, Matthias  |d 1963- 
700 1 |e HerausgeberIn  |0 (DE-588)1079995463  |0 (DE-627)843523107  |0 (DE-576)453248381  |4 edt  |a Hein, Heidi  |d 1973- 
700 1 |e HerausgeberIn  |0 (DE-588)127256732X  |0 (DE-627)1822181194  |4 edt  |a Klar, Regine 
700 1 |e HerausgeberIn  |0 (DE-588)1074025814  |0 (DE-627)830174435  |0 (DE-576)177285672  |4 edt  |a Mundhenk, Christine  |d 1964- 
710 2 |e Herausgebendes Organ  |0 (DE-588)2004744-7  |0 (DE-627)101497385  |0 (DE-576)19160383X  |4 isb  |a Heidelberger Akademie der Wissenschaften 
710 2 |e Verlag  |0 (DE-588)63242-9  |0 (DE-627)101331576  |0 (DE-576)190455101  |4 pbl  |a Verlag Friedrich Frommann, Günther Holzboog 
773 1 8 |a Melanchthons Briefwechsel kritische und kommentierte Gesamtausgabe  |w (DE-627)030796636  |w (DE-576)9030796634  |g Band T 25  |q T,25  |7 nnam 
776 1 |z 9783772833205 
935 |a FBGO  |a mteo  |a JALB 
936 r v |a BP 2260  |b Melanchthon, Philipp  |k Theologie und Religionswissenschaften  |k Evangelische Kirchengeschichte  |k Evangelische Kirchengeschichte Deutschlands  |k Reformation, katholische Reform und Gegenreformation  |k Reformation  |k Melanchthon, Philipp  |0 (DE-627)1272616177  |0 (DE-625)rvk/14954:  |0 (DE-576)202616177 
951 |a MV 
ELC |b 1 
ORI |a SA-MARC-ixtheo_oa001.raw 
TIM |a 100015550101_100015561231  |b 1555 - 1556